Cuestiones discutidas

Tallennettuna:
Bibliografiset tiedot
Päätekijä: Merton, Thomas (autor)
Aineistotyyppi: Kirja
Kieli:espanja
Julkaistu: Buenos Aires Sudamericana 1962
Aiheet:
Tagit: Lisää tagi
Ei tageja, Lisää ensimmäinen tagi!

MARC

LEADER 00000nam a2200000 a 4500
001 UCY1439
003 CL-VaPUC
008 940902e19620000AG |||||||||||||||||spa|d
082 0 4 |a 248.2  |b MER  |2 21 
100 |a Merton, Thomas  |e autor  |9 395244 
245 1 0 |a Cuestiones discutidas 
300 |a 263 p 
942 |c BK 
945 |d 19940902 00:00:00  |a rbrito 
260 |a Buenos Aires  |b Sudamericana  |c 1962 
650 0 |a Vida espiritual  |9 307811 
650 0 |a Escritores católicos  |9 314033 
583 |a last modification  |c 19940902 00:00:00  |k Rodrigo Vera 
999 |c 230141  |d 230139 
952 |0 0  |1 0  |4 0  |6 248_200000000000000_MER_1962  |7 0  |8 P  |9 232171  |a BIBEDU  |b BIBEDU  |c BIBEDU_PB  |d 2019-11-15  |i 3169251  |o 248.2 MER 1962  |p 3169251  |r 2024-01-25  |w 2019-11-15  |y BK  |k LIT